End of laissez-faire? (Record no. 39387)

000 -LEADER
fixed length control field 00575nam a2200205 i 4500
001 - CONTROL NUMBER
control field 39387
003 - CONTROL NUMBER IDENTIFIER
control field BD-DhUET
008 - FIXED-LENGTH DATA ELEMENTS--GENERAL INFORMATION
fixed length control field 160905b xxu||||| |||| 00| 0 eng d
020 ## - INTERNATIONAL STANDARD BOOK NUMBER
International Standard Book Number 9781785366437
040 ## - CATALOGING SOURCE
Original cataloging agency BTCTA
Language of cataloging eng
Transcribing agency BTCTA
Modifying agency BD-DhUET
082 ## - DEWEY DECIMAL CLASSIFICATION NUMBER
Classification number 337
Item number CAH/2014
100 ## - MAIN ENTRY--PERSONAL NAME
Personal name Cahill, Damien
245 14 - TITLE STATEMENT
Title End of laissez-faire?
Remainder of title on the durability of embedded neoliberalism
250 ## - EDITION STATEMENT
Edition statement 1st ed.
260 ## - PUBLICATION, DISTRIBUTION, ETC. (IMPRINT)
Place of publication, distribution, etc. Cheltenham
Name of publisher, distributor, etc. Edward Elgar Publishing
Date of publication, distribution, etc. 2014
300 ## - PHYSICAL DESCRIPTION
Extent xii,197p.
Dimensions 24 cm.
504 ## - BIBLIOGRAPHY, ETC. NOTE
Bibliography, etc Includes bibliographies
650 #0 - SUBJECT ADDED ENTRY--TOPICAL TERM
Topical term or geographic name as entry element Economic policy
942 ## - ADDED ENTRY ELEMENTS (KOHA)
Koha item type General Book
Holdings
Location (home branch) Shelving location Copy number Price effective from Date acquired Koha item type Koha date last seen Lost status Not for loan Piece designation (barcode) Damaged status Source of classification or shelving scheme Koha normalized classification for sorting Withdrawn status Koha full call number Sublocation or collection (holding branch)
Central Library, BUETCirculation section12016-09-052016-05-22General Book2016-09-05  114438  337_000000000000000_CAH_2014 337/CAH/2014 Central Library, BUET
Central Library, BUETCirculation section22016-09-052016-05-22General Book2016-09-05  114439  337_000000000000000_CAH_2014 337/CAH/2014 Central Library, BUET